| 000 | 01248nam a22003614a 4500 | ||
|---|---|---|---|
| 001 | 53279 | ||
| 005 | 20230410105255.0 | ||
| 008 | 061116s2006 sp a 000 0aspa | ||
| 010 | _a 2007354610 | ||
| 035 | _a(OCoLC)ocm76855830 | ||
| 040 |
_aDLC _cDLC _dPL# _dEEM |
||
| 020 | _a840805886X | ||
| 020 | _a9788408058861 | ||
| 029 | 1 |
_aPL# _b060024692 |
|
| 035 | _a(OCoLC)76855830 | ||
| 043 | _ae-sp--- | ||
| 050 | 1 | 4 |
_aUB825.S65 _bR696m 2006 |
| 100 | 1 | _aRodríguez Galindo, Enrique. | |
| 245 | 1 | 0 |
_aMi vida contra ETA : _bla lucha antiterrorista desde el cuartel de Inchaurrondo / _cEnrique Rodríguez Galindo. |
| 250 | _a1. ed. | ||
| 260 |
_aBarcelona : _bPlaneta, _c2006. |
||
| 300 |
_a625, [16] p. of plates : _bill. ; _c24 cm + _e1 CD-ROM (4 3/4 in.) |
||
| 600 | 1 | 0 | _aRodríguez Galindo, Enrique. |
| 610 | 1 | 0 |
_aSpain. _bCuerpo de la Guardia Civil _xOfficials and employees _vBiography. |
| 650 | 0 |
_aTerrorism _zSpain _xPrevention. |
|
| 651 | 0 |
_aSpain _xPolitics and government _y20th century. |
|
| 651 | 0 |
_aPaís Vasco (Spain) _xHistory _xAutonomy and independence movements. |
|
| 653 |
_aTerrorismo _aEspaña |
||
| 938 |
_aPuvill Libros _bPUVL _n840805886X _c$36.95 |
||
| 942 |
_2lcc _cbk |
||
| 994 |
_aC0 _bDRFGD |
||
| 946 | _aLspaulino | ||
| 999 |
_c33408 _d33408 |
||